Global glasnost : toward a new world information and communication order? /

Bibliographic Details
Main Author: Galtung, Johan
Other Authors: Vincent, Richard C.
Format: Book
Language:English
Published: Cresskill, N.J. : Hampton Press, [1992]
Series:Hampton Press communication series. Communication, peace, and development.
Subjects:

MARC

Tag First Indicator Second Indicator Subfields
LEADER 00000cam a2200000 a 4500
001 in00001130721
005 20150930071414.0
008 920514s1992 njub b 001 0 eng
010 |a  92020073  
020 |z 0881303314 
020 |z 0881303322 (pbk.) 
035 |a (OCoLC)25964127 
035 |9 AFW1104AM 
040 |a DLC  |c DLC  |d TXA  |d UtOrBLW 
049 |a TXAM 
050 0 0 |a P96.I5  |b G35 1992 
082 0 0 |a 302.2  |2 20 
100 1 |a Galtung, Johan. 
245 1 0 |a Global glasnost :  |b toward a new world information and communication order? /  |c Johan Galtung and Richard C. Vincent. 
264 1 |a Cresskill, N.J. :  |b Hampton Press,  |c [1992] 
264 4 |c ©1992 
300 |a xi, 271 pages :  |b illustrations ;  |c 23 cm. 
336 |a text  |b txt  |2 rdacontent 
337 |a unmediated  |b n  |2 rdamedia 
338 |a volume  |b nc  |2 rdacarrier 
490 1 |a The Hampton Press communication series. Communication, peace, and development 
504 |a Includes bibliographical references and indexes. 
650 0 |a Communication  |x International cooperation. 
700 1 |a Vincent, Richard C. 
830 0 |a Hampton Press communication series.  |p Communication, peace, and development. 
999 |a MARS 
999 f f |s 8b793a5e-d6ee-3695-9dae-dde4adff07f8  |i 56685838-2328-3aa0-bc4c-40a1d24333cc  |t 0 
952 f f |p ric  |a Texas A&M University  |b Rellis Campus  |c Joint Library Facility  |s JLF  |d Remote Storage  |t 0  |e P96.I5 G35 1992  |h Library of Congress classification  |i unmediated -- volume  |m A14817077829 
998 f f |a P96.I5 G35 1992  |t 0  |l Remote Storage